000 00600nam a2200217 a 4500
001 BRCA_6877
005 20190320205627.0
008 111111s1917----mx-#######---#000-0#spa-#
041 _aspa
044 _amx
050 4 _aPT2639
_b.T72 M55
_c1917
100 1 _aStratz, Rudolf
_917132
245 1 0 _aEl milagro alemán
_bNovela
_cpor Rudolf Stratz
260 _aMéxico
_bTipografía y Litografía de Müller Hnos.
_c1917
300 _a384 p.
_c20 cm.
500 _aEstado físico: lomo y cubiertas rotos
500 _aO70
650 1 4 _aFicción
_xAlemania
_917133
902 _aGFM
942 _2lcc
_cB
999 _c6559
_d6559